| 000 | 00625nam a2200205Ia 4500 | ||
|---|---|---|---|
| 003 | IN-BaIIA | ||
| 008 | 211028s9999 xx 000 0 eng d | ||
| 040 | _cIIA Library | ||
| 080 |
_a523.4 _bSAG |
||
| 100 |
_aSagan, Carl _94728 |
||
| 245 | 0 |
_aPlanets _cCarl Sagan and Jonathan Norton Leonard |
|
| 260 |
_aNew York _bTime Incorporated _c1966 |
||
| 300 | _a200p. | ||
| 490 | _aLife science library | ||
| 650 | _aAstronomy and Astrophysics Thesaurus | ||
| 650 |
_aPlanetary systems _9965 |
||
| 650 |
_aPlanets _9971 |
||
| 700 |
_aLeonard, Jonathan Norton _96199 |
||
| 942 | _cBK | ||
| 999 |
_c3501 _d3501 |
||